Work-related stress (Record no. 117823)
[ view plain ]
| 000 -LEADER | |
|---|---|
| fixed length control field | 01214cam a2200229 4500 |
| 001 - CONTROL NUMBER | |
| control field | WB@3612-344 |
| 008 - FIXED-LENGTH DATA ELEMENTS--GENERAL INFORMATION | |
| fixed length control field | 040805n2004 000 0 eng u |
| 035 ## - SYSTEM CONTROL NUMBER | |
| System control number | (Sirsi) u127019 |
| 245 ## - TITLE STATEMENT | |
| Title | Work-related stress |
| 260 ## - PUBLICATION, DISTRIBUTION, ETC. | |
| Date of publication, distribution, etc. | 2004 |
| 490 ## - SERIES STATEMENT | |
| Series statement | HSC News Release |
| Volume/sequential designation | (C034:04) 27 July 2004 (2) |
| 520 ## - SUMMARY, ETC. | |
| Summary, etc. | At over 13 million days a year, work-related stress is the biggest cause of working days lost through injury or ill-health, costing society about £3.7bn a year. In 2001-02, over half a million people in Britain experienced stress at levels that made them ill. The Health and Safety Executive has recently conducted a survey at Liverpool St station to lobby thousands of rush-hour commuters for their views on work-related stress. The consultation highlights a set of management standards which enable employers to gauge stress levels, identify causes and work with employees to resolve any issues. See the website for further details. http://www.hse.gov.uk/press/2004/c04034.htm |
| 590 ## - LOCAL NOTE (RLIN) | |
| Local note | WB |
| 590 ## - LOCAL NOTE (RLIN) | |
| Local note | WB |
| 650 ## - SUBJECT ADDED ENTRY--TOPICAL TERM | |
| Topical term or geographic name entry element | SURVEY |
| 650 ## - SUBJECT ADDED ENTRY--TOPICAL TERM | |
| Topical term or geographic name entry element | STRESS |
| 650 ## - SUBJECT ADDED ENTRY--TOPICAL TERM | |
| Topical term or geographic name entry element | STRESS MANAGEMENT |
| 650 ## - SUBJECT ADDED ENTRY--TOPICAL TERM | |
| Topical term or geographic name entry element | WORKPLACE |
| 650 ## - SUBJECT ADDED ENTRY--TOPICAL TERM | |
| Topical term or geographic name entry element | RISK MANAGEMENT |
| 690 ## - LOCAL SUBJECT ADDED ENTRY--TOPICAL TERM (OCLC, RLIN) | |
| Topical term or geographic name as entry element | HEALTH AND SAFETY |
| 9 (RLIN) | 6244 |
| 942 ## - ADDED ENTRY ELEMENTS (KOHA) | |
| Suppress in OPAC | 0 |
| Withdrawn status | Lost status | Source of classification or shelving scheme | Damaged status | Not for loan | Home library | Current library | Shelving location | Date acquired | Total Checkouts | Full call number | Barcode | Date last seen | Copy number | Price effective from | Koha item type |
|---|---|---|---|---|---|---|---|---|---|---|---|---|---|---|---|
| Dewey Decimal Classification | London | London | News article | 05/08/2004 | WB403009 | 127019-1001 | 06/08/2019 | 1 | 06/08/2019 | News article |